Successful selling in a week (Record no. 80810)

MARC details
000 -LEADER
fixed length control field 00914nam a2200193 a 4500
008 - FIXED-LENGTH DATA ELEMENTS--GENERAL INFORMATION
fixed length control field 130409s2012 ||||||||||||||||| || u
020 ## - INTERNATIONAL STANDARD BOOK NUMBER
International Standard Book Number 9781444159431
050 ## - LIBRARY OF CONGRESS CALL NUMBER
Classification number HF 5438.25 Har
100 ## - MAIN ENTRY--PERSONAL NAME
Personal name Harvey, Christine
245 10 - TITLE STATEMENT
Title Successful selling in a week
Statement of responsibility, etc. by Christine Harvey
260 ## - PUBLICATION, DISTRIBUTION, ETC.
Place of publication, distribution, etc. London:
Name of publisher, distributor, etc. Hodder Education
Date of publication, distribution, etc. 2012
300 ## - PHYSICAL DESCRIPTION
Extent 121p.: ill.
350 ## -
-- 8.99
490 ## -
-- Teach yourself
650 #0 - SUBJECT ADDED ENTRY--TOPICAL TERM
Topical term or geographic name entry element SELLING
995 ## -
-- MAIN LIBRARY OPEN ACCESS
-- 744432
-- CBU-MAIN LIBRARY (Kitwe)
-- HF 5438.25 Har
-- 3
-- AVAILABLE
-- Sep 12, 2013
-- 744432
-- Main Library Open Access Collection
995 ## -
-- MAIN LIBRARY OPEN ACCESS
-- 743685
-- CBU-MAIN LIBRARY (Kitwe)
-- HF 5438.25 Har
-- 1
-- AVAILABLE
-- Jun 17, 2013
-- 743685
-- Main Library Open Access Collection
995 ## -
-- MAIN LIBRARY OPEN ACCESS
-- 743686
-- CBU-MAIN LIBRARY (Kitwe)
-- HF 5438.25 Har
-- 2
-- AVAILABLE
-- Jun 17, 2013
-- 743686
-- Main Library Open Access Collection
999 ## -
-- 80810
-- 80810
Holdings
Withdrawn status Lost status Source of classification or shelving scheme Damaged status Not for loan Permanent Location Current Location Shelving location Date acquired Total Checkouts Full call number Barcode Date last seen Date last checked out Copy number Price effective from Koha item type
          CBU-MAIN LIBRARY, KITWE. CBU-MAIN LIBRARY, KITWE.   07/11/2023 1 HF 5438.25 Har 744432 05/23/2025 04/29/2025 1 07/11/2023 MONOGRAPH
          CBU-MAIN LIBRARY, KITWE. CBU-MAIN LIBRARY, KITWE.   07/11/2023   HF 5438.25 Har 743685 07/11/2023   2 07/11/2023 MONOGRAPH
          CBU-MAIN LIBRARY, KITWE. CBU-MAIN LIBRARY, KITWE.   07/11/2023   HF 5438.25 Har 743686 07/11/2023   3 07/11/2023 MONOGRAPH